000 00714nam a2200289Ia 4500
005 20260324123646.0
008 008 260324s9999 xx 000 0 eng d
020 _a9780203844748
037 _aEBOOK
040 _aCRL
040 _beng
040 _cCRL
041 _2eng
041 _aeng
084 _qCRL
100 _aJoseph D. Lichtenberg; Frank M. Lachmann; James L. Fosshage
_91171152
245 0 _aPsychoanalysis and Motivational Systems
245 2 _bA New Look
260 _bTaylor and Francis
260 _c2011
365 _a
365 _b180
856 _uhttp://www.taylorfrancis.com/books/9780203844748
942 _cEBOOK
999 _c1764870
_d1764870